000 00923nam a22002657a 4500
003 DO-SdBNP
005 20240524113657.0
008 151117b1991 sp |||| 00| 0 spa d
020 _a8479690291
040 _aBPMSU
_bspa
_cBPMSU
082 4 _a839.81
_bA544c 1991
_222
100 1 _aAndersen, Hans Christian,
_c1805-1875.
245 1 0 _aCuentos /
_cHans Christian Andersen ; traducción y notas Alberto Adell
260 _aMadrid :
_bCompañía Europea de Comunicación e Información
_c1991.
300 _a95 p. :
_bil. ;
_c19 cm.
490 0 _aBiblioteca de el sol
_v22
500 _aIncluye datos biográficos del autor.
590 _aInventariado, 2024/VM
650 4 _a Cuentos infantiles daneses
700 1 _aAdell, Alberto
_etraductor
710 2 _aCompañía Europea de Comunicación e Información
830 0 _aBiblioteca de el sol ;
_n22
910 _aVMateo V. Control de calidad. BPMSU
942 _2ddc
_cBK
999 _c8746
_d8746